LIBRARY & INFORMATION CENTRE, KCAET, TAVANUR

ONLINE PUBLIC ACCESS CATALOGUE (OPAC)

Engineering drawing with worked examples / (Record no. 1752)

MARC details
000 -LEADER
fixed length control field 00514cam a2200205ua 4500
041 ## - LANGUAGE CODE
Language code of text/sound track or separate title eng
082 ## - DEWEY DECIMAL CLASSIFICATION NUMBER
Classification number 604.2
Item number PIC/EN
100 ## - MAIN ENTRY--AUTHOR NAME
Personal name Pickup, F .
245 ## - TITLE STATEMENT
Title Engineering drawing with worked examples /
250 ## - EDITION STATEMENT
Edition statement 1 /
260 ## - PUBLICATION, DISTRIBUTION, ETC. (IMPRINT)
Place of publication London :
Name of publisher Hutchinson of London ,
Year of publication 1963.
300 ## - PHYSICAL DESCRIPTION
Number of Pages 232 :
Other physical details ` ; .
700 1# - ADDED ENTRY--PERSONAL NAME
Personal name Parker, M A .
700 1# - ADDED ENTRY--PERSONAL NAME
Personal name Parker, M.A .
942 ## - ADDED ENTRY ELEMENTS (KOHA)
Koha item type Books
Holdings
Withdrawn status Lost status Damaged status Home library Current library Date acquired Full call number Accession Number Koha item type
      KAUAET KAUAET 07/04/2012 604.2 3732 Books
free website counter